Statistiques concernant Pokémon- Premier Champion d'Arène

Cliquez ici pour prendre le quiz!

Statistiques générales

  • Ce quiz a été pris 55 fois
    (13 depuis la dernière actualisation)
  • Le résultat moyen est 48 sur 84

Statistiques - réponses

ChampionsVersionsPokémon% Correct
EOnix
100%
RBOnix
100%
DPOnix
100%
PierreRBRacaillou
100%
RoxanneRSRacaillou
100%
PierrickDPRacaillou
100%
ESteelix
100%
OAGravalanch
89%
HGSSGrolem
89%
PlaGrolem
89%
EGrolem
89%
OARhinocorne
89%
AlbertOARoucool
89%
OARoucoups
89%
PlaCharkos
78%
HGSSCharkos
78%
NBFlotajou
78%
N2B2Flotoutan
78%
DPKranidos
78%
N2B2Mastouffe
78%
ArmandoNBPonchiot
78%
RachidNBPonchiot
78%
N2B2Ponchiot
78%
NoaNBPonchiot
78%
RSTarinor
78%
OAAmonistar
67%
EAmonistar
67%
EAmonita
67%
NBFlamajou
67%
N2B2Flamoutan
67%
EKabuto
67%
EKabutops
67%
OAKabutops
67%
HGSSNoarfang
67%
XYPrismillon
67%
EPtéra
67%
PlaPtéra
67%
LGPEPtéra
67%
PlaTarinorme
67%
VioletteXYArakdo
56%
EBBlancoton
56%
NBFeuillajou
56%
N2B2Feuiloutan
56%
EVFilentrappe
56%
EVGambex
56%
HGSSHélédelle
56%
ÉraEVLilliterelle
56%
XYMaskadra
56%
TcherenN2B2Ratentif
56%
HGSSRoucarnage
56%
EVTeddiursa
56%
EVTissenboule
56%
PercyEBTournicoton
56%
PlaTyranocif
56%
BDSPArmaldo
44%
N2B2Bargantua motif Rouge
44%
HGSSBekipan
44%
HGSSÉtouraptor
44%
N2B2Miradar
44%
HGSSRelicanth
44%
BDSPRelicanth
44%
EVUrsaring
44%
N2B2Aflamanoir
33%
HGSSCorboss
33%
N2B2Darumacho
33%
BLudicolo
33%
N2B2Maracachi
33%
EPomdrapi
33%
EBSucreine
33%
ETengalice
33%
EBCeriflor
22%
BDSPChartor
22%
BDratatin
22%
BDSPDrattak
22%
EBJoliflor
22%
N2B2Pashmilla
22%
N2B2Poichigeon
22%
BDSPSéléroc
22%
BDSPFlagadoss
11%
EVForetress
11%
N2B2Noacier
11%
N2B2Roigada
11%
EVScarhino
11%
EV(Disque Indigo)Tarenbulle
11%

Distribution des résultats

Percentile par nombre de réponses

% des personnes avec chaque résultat

Votre développement - résultats

Vous n’avez pas pris ce quiz depuis la dernière actualisation